000 00749nam a2200265Ia 4500
003 OSt
005 20221006151531.0
006 a|||||r|||| 00| 0
007 ta
008 221006b |||||||| |||| 00| 0 chi d
020 _a9787561905586 (V.1)
_cYu 41.00
024 _a22,470
037 _bGift,
_cTextual
040 _aEASL
_cEASL
_bchi
041 _2chi
_achi
082 _aP41, N7.1
100 _aLI Yimin Ed.
_9659492
245 0 _aGuoji shangwu han yu
_b International Business Chinese, Vol.1
260 _aBeijing
_bBeijing Yuyan Wenhua Daxue Chuanshe China
_c1997
300 _a314p.
_ccm.
490 _v CL
650 _aCL
_9642733
942 _hP41, N7.1
_cTEXL
_2CC
999 _c1090556
_d1090556